000
00472nam a2200145Ia 4500
008
100122s9999 xx 000 0 und d
082
_b
66462
_a
823.08
100
_a
अष्टीकर मंदाकिनी
245
_a
एक आस एक ध्यास
260
_b
निशिगंधा प्रकाशन
_c
2004
300
_a
304
630
_a
एक आस एक ध्यास
730
_a
एक आस एक ध्यास
942
_c
BOOK
999
_c
438993
_d
438990